| 000 | 01347nam a22002657a 4500 | ||
|---|---|---|---|
| 999 |
_c22194 _d22194 |
||
| 003 | AR-CdUCM | ||
| 008 | 190425b ||||| |||| 00| 0 spa d | ||
| 040 |
_aMUNICIPALIDAD PROVINCIAL DEL CUSCO _cBIBLIOTECA MUNICIPAL DEL CUSCO |
||
| 082 | _aOropesa/N°98/2016 | ||
| 245 |
_aOropesa : _brevista de cultura y educación de opinión y crítica / _cAmérico Valer Vargas, Director |
||
| 260 |
_aCusco. _bLezama, _c2016. |
||
| 300 |
_a18 páginas. : _bilustraciones ; _c30 cm. |
||
| 440 |
_aOropesa. _nAño XXXV, N°XCVIII, junio 2016. _947618 |
||
| 505 | _aContenido: La inseguridad ciudadana. -- Machupicchu la construcción y la incipiente organización cívico peruana por su congruencia. -- El Inca Garcilaso de la Vega la etnología y la etnohistoria modernas. -- María Reiche en el Cusco. -- Inca Garcilaso de la Vega mártir de la peruanidad. -- IV centenario del fallecimiento del Inca Garcilaso de la Vega Chimpu Ocllo. -- Maíz origen peruano alimento de la humanidad. | ||
| 650 |
_aPolítica cusqueña _947381 |
||
| 650 |
_aCultura andina _947570 |
||
| 650 |
_aSociedad cusqueña _947493 |
||
| 650 |
_aSiglo XX _947561 |
||
| 700 |
_aValenzuela Lovón, Armando _91192 |
||
| 700 |
_aValer Vargas, Américo _947562 |
||
| 700 |
_aMould de Pease, Mariana _97113 |
||
| 700 |
_aFlores Ochoa, Jorge _92915 |
||
| 942 |
_2ddc _cPP |
||
| 945 | _arac | ||